| 000 | 00456nam a2200157Ia 4500 | ||
|---|---|---|---|
| 008 | 240729s9999 xx 000 0 und d | ||
| 022 | _a1726-6742 | ||
| 245 | 4 | _aThe Journal of Engineering Research | |
| 260 | _aOman | ||
| 260 | _bSultan Qaboos University | ||
| 650 | _a Engineering (General). Civil engineering (General) | ||
| 650 | _aTechnology | ||
| 856 | _uhttps://doaj.org/toc/3fb1967eadc348e6afc6f5374f255e0e | ||
| 942 | _2ddc | ||
| 942 | _cDOAJEJ | ||
| 999 |
_c66280 _d66280 |
||
| 945 |
_a1 _bMadushi Gamage _c1 _dMadushi Gamage |
||